Normal view
MARC view
Entry Topical Term
001 - CONTROL NUMBER
- control field: 464
003 - CONTROL NUMBER IDENTIFIER
- control field: csc
005 - DATE AND TIME OF LATEST TRANSACTION
- control field: 20140507162050.0
008 - FIXED-LENGTH DATA ELEMENTS
- fixed length control field: 120117|| aca||aabn | a|a d
040 ## - CATALOGING SOURCE
- Original cataloging agency: csc
- Transcribing agency: csc
150 ## - HEADING--TOPICAL TERM
- Topical term or geographic name entry element: Jacobite Rebellion, 1745-1746
- Form subdivision: Fiction.
670 ## - SOURCE DATA FOUND
- Source citation: Work cat.: (csc)0: Scott, Walter, Sir, 1771-1832. 794, Waverley, or, 'Tis sixty years since /, 2008.